Paracelsian moments

Titel: Paracelsian moments : science, medicine & astrology in early modern Europe / ed. by Gerhild Scholz Williams ...
Verfasser:
Veröffentlicht: Kirksville, Mo. : Truman State Univ. Press, 2002
Umfang: XXII, 274 Seiten : Illustrationen
Format: Buch
Sprache: Englisch
Schriftenreihe/
mehrbändiges Werk:
Sixteenth century essays & studies ; 64
Schlagworte:
ISBN: 1931112118 ; 1931112126
Buchumschlag
X
alg: 11796949
001A    $00034:05-01-04 
001B    $01999:02-05-24 $t09:29:43.000 
001D    $00034:22-03-04 
001U    $0utf8 
001X    $00 
002@    $0Aau 
002C    $aText $btxt $2rdacontent 
002D    $aohne Hilfsmittel zu benutzen $bn $2rdamedia 
002E    $aBand $bnc $2rdacarrier 
003@    $0117969494 
003O    $048906938 $aOCoLC 
004A    $01-931112-11-8 
004A    $01-931112-12-6 
007A    $0117969494 $aHEB 
007T    $0Herd54232 
010@    $aeng 
011@    $a2002 
013D    $RWissenschaftliche Literatur $RAufsatzsammlung $#Konferenzbericht $71071861417 $8Konferenzschrift [Tsz] $9359646190 $y1999 $zSaint Louis, Mo. 
021A    $aParacelsian moments $dscience, medicine & astrology in early modern Europe $hed. by Gerhild Scholz Williams ... 
028A    $BVerfasser $#Scholz-Williams, Gerhild $#Williams, Gerhild $#Williams, Gerhild Scholz- $#Williams, Gerhild S. $#Scholz, Gerhild $4aut $7115407898 $8Scholz Williams, Gerhild$Z1942- [Tp1] $9149619421 
033A    $pKirksville, Mo. $nTruman State Univ. Press 
034D    $aXXII, 274 Seiten 
034M    $aIllustrationen 
036E    $aSixteenth century essays & studies $l64 
036F    $x264 $8Sixteenth century essays & studies $9012960349 $l64 
037A    $aLiteraturverzeichnis Seite [247]-255 
044K    $#Bombast von Hohenheim, Philipp Theophrastus $#Bombastus von Hohenheim, Philipp Theophrastus $#Paracelsus-von Hohenheim, Philippus Aureolus Theophrastus Bombastus $#Paracelsus  $#Paracelsus  $#Bombast  $#Parakelsos $#Theophrastus  $#Theophrastus  $#Bombast ab Hohenheim, Aureolus Philippus Theophrastus $#Bombast ab Hohenheim, Theophrastus $#Bombastus ab Hohenheim, Theophrastus $#Bombast von Hohenheim, Aureolus Philippus Theophrastus $#Bombast von Hohenheim Paracelsus, Aureolus Philippus Theophrastus $#Paracelsus, Philippus Aureolus Theophrastus Bombastus von Hohenheim $#Paracelse, Philippe Teofrasto $#Bombast von Hohenheim, Philipp Aureolus Theophrastus $#Bombast von Hohenheim, Theophrast $#Hohenhaim, Theophrastus von $#Hohenheim, Philipp Aureolus Teophrastus Bombast von $#Hohenheim, Philippus Theophrastus Bombast von $#Hohenheim, Theophrast von $#Hohenheim, Theophrast Bombast von $#Hohenheim, Theoprast Bombast von $#Hohenheim, Theophrastus Bombast ab $#Paracelsus, Aureolus Philippus Theophrastus Bombastus von Hohenheim $#Paracelsus, Aureolus Thephrastus $#Paracelsus, Philippus $#Paracelsus, Philippus Aureolus Theophrastus Bombastus $#Paracelsus, Philippus Aureolus Theophrastus Bombastus von Hohenheim $#Paracelsus, Philippus Teophrastus Bombastus $#Paracelsus, Philippus Theophrastus Bombast $#Paracelsus, Theofrastus B. $#Paracelsus, Theophrasius $#Paracelsus, Theophrast $#Parakelsos, Theophrastos $#Paracelsus von Hohenheim, Theophrastus $#Parazelsus, Theophrastus $#Paracelso, Teofrasto $#Paracelso, Philippe Teofrasto $#Paracelsus  $#Bombast von Hohenheim, Paracelsus Theophrastus $#Theophrastus, Aureolus $#Paracelsus, Theophrastus $#Paracelsus, Theophrastus Bombastus von Hohenheim $#Paracelsus, Philippus A. $#Pseudo-Paracelsus $#Theophrast  $#Theophrast Bombast  $#Paracelso $#Theophrastus Bombastus  $#Paracelse $#Paracelz $#Parakerususu $#Hohenheim, Bombast von $#Hohenheim, Theophrastus von $#Hohenheim, Theophrastus Bombast von $#Hohenheim, Theophrastus Paracelsus von $#Paracelsus, Philippus Theophrastus $#Theophrastus  $#Hohenheim, Theophrastus Philippus Aureolus Bombastus von $#Bombast $#Theophrastus $#Theophrastus Bombastus $#Theophrastus Philippus Aureolus Bombastus von Hohenstein $#Paracelzus $#Hohenheim, Theophrast von $#Theophrast $#Theophraste $#Hohenheim, Theophraste de $#Théophraste $711859169X $8$PParacelsus$Z1493-1541 [Tp1] $9086932683 
044K    $RWissenschaft $RNaturwissenschaftler $#Natural history $#Sciences naturelles $#Naturforschung $#Naturlehre $#Naturwissenschaft $74041421-8 $8Naturwissenschaften [Ts1] $9085113506 
044K    $#Medicine $#Médecine $#Humanmedizin $#Heilkunst $#Medicine $74038243-6 $8Medizin [Ts1] $9085104442 
044K    $RNaturwissenschaften $#Astronomy $#Astronomie $#Astronomia $#Astronomía $#Astronomie/Astrophysik $#Himmelskunde $#Sternkunde $#Astronomy $74003311-9 $8Astronomie [Ts1] $9085000531 
044K    $RAuswirkung $RFortleben $#Influence (Literary, artistic, etc.) $#Influence littéraire, artistique, etc. $#Rezeption $#Fortwirken $#Nachwirkung Rezeption $#Nachleben $#Wirkungsgeschichte $#Aneignung Rezeption $74049716-1 $8Rezeption [Tsz] $9085138584 
045B    $a509.031 $ALoC $eDDC21oclc 
045R    $aGeschichte 1517-1600 

lok: 11796949 23

exp: 11796949 23 1 #EPN
201B/01 $008-02-17 $t01:53:34.000 
201C/01 $005-01-04 
201U/01 $0utf8 
203@/01 $0207331480 
208@/01 $a22-03-04 $bz 
209A/01 $a35 2004 A 414 $du $f030 $h2004 A 414 $x00 
209G/01 $a19597741 $x00 
209G/01 $aSonderstandort Magazin Oberzwehren $x01 
247C/01 $8352030-4 <34/30>Kassel, UB Kassel, Standort Brüder-Grimm-Platz, Landesbibliothek und Murhardsche Bibliothek der Stadt Kassel $9102599475 

lok: 11796949 25

exp: 11796949 25 1 #EPN
201B/01 $013-01-26 $t12:08:49.000 
201C/01 $022-07-13 
201U/01 $0utf8 
203@/01 $0698004426 
208@/01 $a07-01-14 $bzif 
209A/01 $aAnglistik L/II/2 P 29 I $dd $f072 $x00 
209C/01 $a89/SK/2013/MW 
209G/01 $a77041478 $x00 
209G/01 $aAnglistik $x01 
247C/01 $8651072-3 <77/072>Mainz, Universität Mainz, Bereichsbibliothek Philosophicum, Standort Anglistik/Amerikanistik $910260021X 

lok: 11796949 78

exp: 11796949 78 1 #EPN
201B/01 $019-04-17 $t14:30:09.000 
201U/01 $0utf8 
203@/01 $0791698610 
208@/01 $a12-11-16 $be 
209A/01 $a/ $f000 $x00 
220C/01 $aTitelaufnehmer: cs 
244Z/01 $2Trx $#dzieło zbiorowe $8--Trx--Sammelwerk $x01 $9391384597 
245Z/01 $a01.03 $x01 
247C/01 $82080>Marburg/Lahn, Herder-Institut, Forschungsbibliothek, Bibliographieportal $9336309341
LEADER 00000cam a2200000 c 4500
001 117969494
003 DE-603
005 20240502092943.0
007 tu
008 040105s2002 xx |||| | u10||u|eng c
020 |a 1931112118 
020 |a 1931112126 
035 |a (DE-599)HEB117969494 
035 |a (OCoLC)48906938 
040 |a DE-603  |b ger  |c DE-603  |d DE-603 
041 |a eng 
082 7 |8 1\p  |a 509.031  |2 21/oclc 
100 1 |a Scholz Williams, Gerhild  |d 1942-  |e Verfasser  |4 aut  |0 (DE-603)149619421  |0 (DE-588)115407898  |2 gnd 
245 0 0 |a Paracelsian moments  |b science, medicine & astrology in early modern Europe  |c ed. by Gerhild Scholz Williams ... 
264 1 |a Kirksville, Mo.  |b Truman State Univ. Press  |c 2002 
300 |a XXII, 274 Seiten  |b Illustrationen 
336 |a Text  |b txt  |2 rdacontent 
337 |a ohne Hilfsmittel zu benutzen  |b n  |2 rdamedia 
338 |a Band  |b nc  |2 rdacarrier 
490 1 |a Sixteenth century essays & studies  |v 64 
500 |a Literaturverzeichnis Seite [247]-255 
600 0 7 |a Paracelsus  |d 1493-1541  |0 (DE-588)11859169X  |0 (DE-603)086932683  |2 gnd 
648 7 |a Geschichte 1517-1600  |2 gnd 
650 7 |a Naturwissenschaften  |0 (DE-588)4041421-8  |0 (DE-603)085113506  |2 gnd 
650 7 |a Medizin  |0 (DE-588)4038243-6  |0 (DE-603)085104442  |2 gnd 
650 7 |a Astronomie  |0 (DE-588)4003311-9  |0 (DE-603)085000531  |2 gnd 
650 7 |a Rezeption  |0 (DE-588)4049716-1  |0 (DE-603)085138584  |2 gnd 
655 7 |a Konferenzschrift  |y 1999  |z Saint Louis, Mo.  |2 gnd-content  |0 (DE-588)1071861417  |0 (DE-603)359646190 
830 0 |t Sixteenth century essays & studies  |v 64  |w (DE-603)012960349  |w (DE-600)2274606-7  |9 264  |7 as 
883 0 |8 1\p  |q LoC 
924 0 |9 34/30  |a (DE-603)207331480  |b DE-34-30  |c HES  |d c  |g 35 2004 A 414  |h Sonderstandort Magazin Oberzwehren 
924 0 |9 77/072  |a (DE-603)698004426  |b DE-77-072  |c HES  |d d  |g Anglistik L/II/2 P 29 I 
924 0 |9 2080  |a (DE-603)791698610  |b DE-2080  |c HES  |d d  |g /